00788 a2200181 45000010003000000050017000030080041000200030015000610400040000760800059001162450036001752500011002112640048002223000018002705050190002881000024004788560104005027720260407155407.0260407a2006 arg spa dAR-UNSa-BCEJYS aAR-UNSa-BCEJYSbspacAR-UNSa-BCEJYS a17xFilosofía moral. Ética. Filosofía práctica10aMás ética, más desarrollo a7a. ed 1aBuenos Aires :bTemas Grupo Editorialc2006 a249 p.c22 cm a1. El impacto de la ética sobre el desarrollo - 2. Los desafíos éticos de América Latina - 3. La ética en acción - 4. Propuestas para una economía orientada por la ética1 aKliksberg, Bernardo41uhttps://biblioeco.unsa.edu.ar/pmb/images/libros/masetica-l117368.jpgyImagen de portadaqimage/jpeg